000 01125nab a2200205 i 4500
001 170438
003 ES-MaACL
005 20250911063603.0
008 090305m18861887sp 000 0 spa d
100 1 _aRomero Girón, Vicente,
_d1835-1900
_999395
245 1 0 _aPacheco y el movimiento de la legislación penal en España en el presente siglo : 30ª conferencia [del ciclo "La España del siglo XIX", Ateneo Científico, Literario y Artístico de Madrid] /
_corador, Vicente Romero Girón.
600 1 4 _aPacheco, Joaquín Francisco,
_d1808-1865
_988121
610 2 4 _aAteneo de Madrid-
_vConferencias-
_yS.XIX.
_91910
610 2 4 _aAteneo de Madrid-
_vObras digitalizadas.
_91930
773 0 _tLa España del siglo XIX : colección de conferencias históricas celebradas durante el curso de 1885-86 [y curso de 1886-87],
_dMadrid : Librería de Don Antonio San Martín, 1886-1887,
_gT.3, p. 173-195
_082158
_985194
_w82158
856 4 _uhttp://www.ateneodemadrid.com/biblioteca_digital/folletos/Folletos-0118.pdf
_zVer documento
942 _cANAM
_2udc
999 _c170438
_d170438